Countries at the Baltic Sea - Sudden Death - Statistics

General Stats
  • This quiz has been taken 206 times
  • The average score is 7 of 9
Answers on the Grid
Answers color-coded by a green-red scale on the quiz's grid according to % correct below.
Germany
Estonia
Latvia
Poland
Denmark
Russia
Lithuania
Sweden
Finland
Norway
Netherlands
United Kingdom
China
Ireland
France
Belarus
 
Answer Stats
Answer % Correct
Estonia
88%
Latvia
88%
Finland
85%
Lithuania
85%
Russia
77%
Sweden
76%
Poland
74%
Denmark
72%
Germany
70%
No matching quizzes found
Score Distribution
Percent of People with Each Score
Percentile by Number Answered
Your Score History
You have not taken this quiz